| 000 | nam a22 7a 4500 | ||
|---|---|---|---|
| 999 |
_c15375 _d15375 |
||
| 008 | 161031b xxu||||| |||| 00| 0 eng d | ||
| 020 | _a9780895294296 | ||
| 050 | _aRA 784 .B248 1990 | ||
| 100 | _aBalch,James F. | ||
| 245 |
_aPrescription for Nutritional Healing/ _cJames F.Balch and Phyllis A.Balch |
||
| 260 |
_aNew York : _bAvery Publishing Group Inc., _cc1990 |
||
| 300 |
_aix, 372p. : _bill. ; |
||
| 500 | _aIncludes references and index. | ||
| 650 |
_aNutrition _yPopular works |
||
| 650 |
_aDiet theraphy _yPopular works |
||
| 650 |
_aVitamins _yTherapeutic use |
||
| 650 |
_aHerbs _yTherapeutic use |
||
| 700 | _aBalch,Phyllis A. | ||
| 942 |
_2lcc _cBOOKS _hRA 784 .B248 1990 |
||